Marathi vishv kosh (Record no. 16832)
[ view plain ]
| 000 -LEADER | |
|---|---|
| fixed length control field | 00329nam a2200121Ia 4500 |
| 082 ## - DEWEY DECIMAL CLASSIFICATION NUMBER | |
| Classification number | RR 491.46321 mar- |
| 100 ## - MAIN ENTRY--AUTHOR NAME | |
| Personal name | Joshi, Lakshman Shastri |
| 245 #0 - TITLE STATEMENT | |
| Title | Marathi vishv kosh |
| 260 ## - PUBLICATION, DISTRIBUTION, ETC. (IMPRINT) | |
| Place of publication | Mumbai |
| Name of publisher | Maharashtra rajya Sahitya Sanskriti |
| Year of publication | 1973 |
| 300 ## - PHYSICAL DESCRIPTION | |
| Number of Pages | xviii 328p |
| 942 ## - ADDED ENTRY ELEMENTS (KOHA) | |
| Koha item type | Books |
| Withdrawn status | Lost status | Damaged status | Not for loan | Home library | Current library | Date acquired | Serial Enumeration / chronology | Bill Date | Full call number | Accession Number | Price effective from | Koha item type |
|---|---|---|---|---|---|---|---|---|---|---|---|---|
| NASSDOC Library | NASSDOC Library | 08/10/2004 | V.17 | 2004-10-22 | RR 491.46321 mar- | 14899 | 18/04/2019 | Books | ||||
| NASSDOC Library | NASSDOC Library | 08/10/2004 | V.18 | 2004-10-22 | RR 491.46321 mar- | 14900 | 18/04/2019 | Books |
